banner-ar

THE OCTOBER WAR MEMORIES OF FIELD MARSHAL EL - GAMASY OR EGYPT / (Record no. 13157)

MARC details
000 -الفاتح
حقل البيانات ثابتة الطول 00568nam a2200181Ia 4500
008 - عناصر البيانات ثابتة الطول - معلومات عامة
حقل البيانات ثابتة الطول 140319s9999 xx 000 0 eng d
040 ## - مصدر الفهرسة
وكالة الفهرسة الأصلية GCL /
وكالة النسخ GCL
082 04 - رقم تصنيف ديوى العشرى
رقم التصنيف CC
رقم المادة 956.048
-- E O
100 1# - المدخل الرئيسى - إسم شخصى
الإسم الشخصى EL-GAMASY,MOHAMED ABDEL GHANI
245 10 - بيان العنوان
العنوان THE OCTOBER WAR MEMORIES OF FIELD MARSHAL EL - GAMASY OR EGYPT /
بيان المسئوليه,etc EL-GAMASY,MOHAMED ABDEL GHANI
700 1# - المدخل الاضافى - اسم شخصى
الإسم الشخصى POTTER,GILLION(TRANSLATION)
260 ## - PUBLICATION, DISTRIBUTION, ETC. (IMPRINT)
تاريخ النشر أو التوزيع 1993
300 ## - الوصف المادى
التعداد 430
650 04 - المدخل الاضافى بالموضوع-مصطلح موضوعى
مصطلح موضوعي ISRAEL - ARAB WAR 1973
650 04 - المدخل الاضافى بالموضوع-مصطلح موضوعى
مصطلح موضوعي EGYPT
942 ## - عناصر المدخل الإضافي( كوها)
مصدر التصنيف او مخطط الترفيف Dewey Decimal Classification
Koha [default] item type كتاب
260 ## - PUBLICATION, DISTRIBUTION, ETC. (IMPRINT)
-- [S.N] :
-- THE AMERICAN UNIVERSITY IN CAIRO PRESS ،
Holdings
حالة التراجع حالة الفقد حالة تلف ليس للاعارة المكان المؤقت الموقع الحالى تاريخ الاكتساب اجمالي اﻻعارات رقم الطلب الباركود تاريخ اخر مشاهدة تاريخ تفعيل السعر نوع وعاء كوها
        مكتبة القاهرة الكبرى مكتبة القاهرة الكبرى 03/26/2014   CC\956.048\E O 25353 03/26/2014 03/26/2014 كتاب
        مكتبة القاهرة الكبرى مكتبة القاهرة الكبرى 03/26/2014   CC\956.048\E O 25354 03/26/2014 03/26/2014 كتاب

Powered By

EGPV